[Event "Wijk aan Zee II"]
[Site "Wijk aan Zee II"]
[Date "1998.??.??"]
[Round "1"]
[White "Reinderman, Dimitri"]
[Black "Cherniaev, Alexander"]
[Result "1/2-1/2"]
[WhiteElo "2480"]
[BlackElo "2465"]
[PlyCount "85"]

1. e4 c5 2. Nf3 Nc6 3. d4 cxd4 4. Nxd4 Nf6 5. Nc3 e5 6. Ndb5 d6 7. Bg5 a6 8.
Na3 Be6 9. Nc4 Rc8 10. Bxf6 Qxf6 11. Nb6 Rb8 12. Ncd5 Qd8 13. c3 Be7 14. Bc4
Bg5 15. O-O O-O 16. a4 Kh8 17. a5 Nxa5 18. Rxa5 Bxd5 19. Rxd5 Qxb6 20. Qb3 Qc6
21. Rfd1 Rbc8 22. Bd3 g6 23. Bb1 Be7 24. Qc2 Qb6 25. Qe2 Qb3 26. Qc2 Qb6 27.
Qe2 Kg7 28. g3 Rc6 29. Kg2 Qb3 30. Qc2 Qxc2 31. Bxc2 Rb6 32. Rb1 Rc8 33. Kf1
Kf6 34. Ke2 Ke6 35. f3 Bf8 36. Kd3 Rbc6 37. Bb3 Ke7 38. Ra5 R6c7 39. Bd5 h5 40.
c4 Rd7 41. b4 Bh6 42. b5 axb5 43. Raxb5 1/2-1/2

[Event "Wijk aan Zee II"]
[Site "Wijk aan Zee II"]
[Date "1998.??.??"]
[Round "1"]
[White "Shaked, Tal"]
[Black "Kobalia, Mikhail"]
[Result "0-1"]
[WhiteElo "2535"]
[BlackElo "2500"]
[PlyCount "76"]

1. e4 c5 2. Nf3 e6 3. c3 Nf6 4. e5 Nd5 5. d4 cxd4 6. cxd4 b6 7. Bd3 Qc7 8. O-O
Ba6 9. Bxa6 Nxa6 10. Qe2 Nab4 11. Na3 a6 12. Qe4 b5 13. Bd2 h6 14. Rfc1 Nc6 15.
Nc2 g6 16. Ne3 Nxe3 17. fxe3 Be7 18. Qd3 Qb6 19. Kh1 Nb4 20. Qe2 g5 21. a4 bxa4
22. Rxa4 a5 23. Bxb4 Bxb4 24. Nd2 Qb7 25. Nc4 O-O 26. Qd3 Rac8 27. Raa1 f5 28.
exf6 Rxf6 29. Ne5 Rxc1+ 30. Rxc1 Kg7 31. Rf1 Rxf1+ 32. Qxf1 d6 33. Ng4 Qf7 34.
Qxf7+ Kxf7 35. Nxh6+ Kg6 36. Ng4 Bd2 37. e4 a4 38. Nf2 Bc3 0-1

[Event "Wijk aan Zee II"]
[Site "Wijk aan Zee II"]
[Date "1998.??.??"]
[Round "1"]
[White "Van den Doel, Erik"]
[Black "Alterman, Boris"]
[Result "1/2-1/2"]
[WhiteElo "2485"]
[BlackElo "2615"]
[PlyCount "58"]

1. e4 e6 2. d4 d5 3. Nd2 c5 4. Ngf3 Nc6 5. exd5 exd5 6. Bb5 cxd4 7. O-O Bd6 8.
Nb3 Nge7 9. Nbxd4 O-O 10. Bd3 Ng6 11. Bg5 Qb6 12. Nb5 Bb8 13. Be3 Qd8 14. Bg5
Qb6 15. Be3 Qd8 16. Bg5 f6 17. Be3 Nge5 18. Be2 a6 19. Nbd4 Re8 20. g3 Ng4 21.
Bc1 Ba7 22. c3 Nge5 23. Be3 Bh3 24. Re1 Qd7 25. Nc2 Bb8 26. Bd4 Bc7 27. Ne3 Be6
28. Qb3 Na5 29. Qc2 Nac6 1/2-1/2

[Event "Wijk aan Zee II"]
[Site "Wijk aan Zee II"]
[Date "1998.??.??"]
[Round "1"]
[White "Xie, Jun"]
[Black "Kasimdzhanov, Rustam"]
[Result "0-1"]
[WhiteElo "2485"]
[BlackElo "2565"]
[PlyCount "42"]

1. e4 g6 2. d4 Bg7 3. Nc3 c6 4. Nf3 d6 5. Be3 Nf6 6. Qd2 O-O 7. Bh6 b5 8. Bd3
Bg4 9. O-O-O e5 10. Ne2 Nbd7 11. h3 Bxf3 12. gxf3 Bxh6 13. Qxh6 Nh5 14. Rhg1
Qh4 15. f4 exf4 16. f3 Kh8 17. Rg5 Ndf6 18. Rdg1 Qf2 19. R5g2 Qxf3 20. Rg4 Qxh3
21. Nxf4 Qe3+ 0-1

[Event "Wijk aan Zee II"]
[Site "Wijk aan Zee II"]
[Date "1998.??.??"]
[Round "2"]
[White "Blees, Albert"]
[Black "Reinderman, Dimitri"]
[Result "1/2-1/2"]
[WhiteElo "2445"]
[BlackElo "2480"]
[PlyCount "124"]

1. e4 e5 2. Nf3 d6 3. d4 exd4 4. Nxd4 g6 5. Nc3 Bg7 6. Bc4 Nf6 7. O-O O-O 8.
Bg5 h6 9. Bh4 c6 10. a4 Re8 11. Re1 Nbd7 12. a5 Qc7 13. Qd2 Ne5 14. Bb3 g5 15.
Bg3 Nh5 16. Nd1 Nxg3 17. hxg3 Ng6 18. a6 d5 19. axb7 Bxb7 20. Nf5 dxe4 21. Qd6
Qxd6 22. Nxd6 Re7 23. Ne3 Bc8 24. Nxc8 Rxc8 25. Nf5 Rd7 26. Rxe4 Bxb2 27. Rae1
Kh7 28. f4 Bf6 29. Kf2 gxf4 30. gxf4 Nh4 31. Nxh4 Bxh4+ 32. g3 Bf6 33. Kf3 Kg7
34. g4 Rcc7 35. Re8 c5 36. Bc4 Rd6 37. Rh1 Rd8 38. Re2 Rd4 39. Bd3 Be7 40. Reh2
Bd6 41. Rxh6 Rxf4+ 42. Ke2 Be5 43. Bf5 Bd4 44. Rh7+ Kf6 45. R7h6+ Kg7 46. Rh7+
Kg8 47. R7h3 c4 48. Re3 Kf8 49. c3 Bxe3 50. Kxe3 Rxf5 51. gxf5 Ke7 52. Ra1 Kd6
53. Kd4 Kc6 54. Kxc4 Kb6+ 55. Kd4 a5 56. Rb1+ Kc6 57. Rb8 Ra7 58. Rh8 a4 59.
Rh6+ Kd7 60. Rh2 a3 61. Ra2 Kc6 62. Kc4 Ra5 1/2-1/2

[Event "Wijk aan Zee II"]
[Site "Wijk aan Zee II"]
[Date "1998.??.??"]
[Round "2"]
[White "Kobalia, Mikhail"]
[Black "Kasimdzhanov, Rustam"]
[Result "0-1"]
[WhiteElo "2500"]
[BlackElo "2565"]
[PlyCount "70"]

1. e4 e6 2. d4 d5 3. Nd2 c5 4. exd5 Qxd5 5. Ngf3 cxd4 6. Bc4 Qd6 7. O-O Nf6 8.
Nb3 Nc6 9. Nbxd4 Nxd4 10. Nxd4 a6 11. Bb3 Qc7 12. Re1 Bd6 13. Nf5 Bxh2+ 14. Kh1
O-O 15. Nxg7 Rd8 16. Qe2 Kxg7 17. g3 Bxg3 18. Rg1 b5 19. Rxg3+ Kh8 20. Bg5 Bb7+
21. Kh2 Ne4 22. Qe3 Rg8 23. Qd4+ e5 24. Qxe4 Rxg5 25. Qh4 Rxg3 26. fxg3 Qc6 27.
Rg1 Qf3 28. Qg5 f6 29. Qh6 Rd8 30. Be6 Be4 31. Bg4 Qf2+ 32. Kh3 Rg8 33. Be6 Rg7
34. Qc1 Rg6 35. c4 Kg7 0-1

[Event "Wijk aan Zee II"]
[Site "Wijk aan Zee II"]
[Date "1998.??.??"]
[Round "2"]
[White "Shaked, Tal"]
[Black "Bosboom, Manuel"]
[Result "1-0"]
[WhiteElo "2535"]
[BlackElo "2450"]
[PlyCount "121"]

1. d4 Nf6 2. c4 c5 3. d5 b5 4. Nf3 d6 5. cxb5 a6 6. b6 g6 7. Nc3 Bg7 8. e4 O-O
9. Be2 a5 10. a4 Ba6 11. O-O Nbd7 12. b7 Bxb7 13. Bf4 Nb6 14. Qd2 Ba6 15. Bxa6
Rxa6 16. Rfe1 Qa8 17. Rad1 Rd8 18. Qc2 Qb7 19. b3 Raa8 20. Nb5 Ne8 21. Nd2 Nc7
22. Na3 e6 23. Ndc4 exd5 24. Nxb6 Qxb6 25. exd5 Qb4 26. Nc4 Nxd5 27. Bxd6 Re8
28. Ne5 Qc3 29. Qxc3 Nxc3 30. Rd3 Rad8 31. f4 f6 32. Bxc5 fxe5 33. Rxc3 exf4
34. Rxe8+ Rxe8 35. Rd3 g5 36. h3 Re5 37. Bd6 Rf5 38. Kf2 Kf7 39. Kf3 h5 40. Bc7
Rc5 41. Bb6 Rc3 42. Rxc3 Bxc3 43. h4 Kg6 44. Bd8 Kf5 45. Bxg5 Be5 46. Be7 Bc3
47. Bd6 Bd2 48. Bc7 Be1 49. Bxf4 Bxh4 50. Bd2 Bd8 51. b4 axb4 52. Bxb4 Ke5 53.
a5 Kd5 54. a6 Kc6 55. Bc5 Kc7 56. Bf2 Kb8 57. Kf4 Ka8 58. Kf5 Be7 59. Kg6 h4
60. Kh5 Bf6 61. Kg4 1-0

[Event "Wijk aan Zee II"]
[Site "Wijk aan Zee II"]
[Date "1998.??.??"]
[Round "3"]
[White "Bosboom, Manuel"]
[Black "Kobalia, Mikhail"]
[Result "0-1"]
[WhiteElo "2450"]
[BlackElo "2500"]
[PlyCount "88"]

1. c4 g6 2. d4 Bg7 3. Nc3 d6 4. e4 Nc6 5. d5 Nd4 6. Be3 c5 7. Nge2 Nxe2 8. Bxe2
Nf6 9. O-O O-O 10. Qd2 a6 11. Bh6 Bxh6 12. Qxh6 b5 13. cxb5 axb5 14. Bxb5 Qa5
15. Rae1 Ba6 16. Bxa6 Rxa6 17. f4 Qb4 18. Re2 Qc4 19. Rd1 Rxa2 20. e5 Nh5 21.
exd6 exd6 22. f5 Raa8 23. Re4 Qb3 24. Rh4 Nf6 25. Rf1 Qxb2 26. Ne4 Qd4+ 27. Kh1
Rfe8 28. fxg6 Ra1 29. gxf7+ Kxf7 30. Nxd6+ Ke7 31. Nf5+ Kd7 32. Rhf4 Ree1 33.
Ng3 Nxd5 34. Qxh7+ Kc6 35. R4f3 Ne3 36. Qg6+ Kb5 37. Qe8+ Kb4 38. Qb8+ Kc4 39.
Qg8+ Kc3 40. h3 Rxf1+ 41. Nxf1 Rxf1+ 42. Rxf1 Nxf1 43. Qg5 Ne3 44. h4 Kd2 0-1

[Event "Wijk aan Zee II"]
[Site "Wijk aan Zee II"]
[Date "1998.??.??"]
[Round "3"]
[White "Reinderman, Dimitri"]
[Black "Alterman, Boris"]
[Result "1/2-1/2"]
[WhiteElo "2455"]
[BlackElo "2615"]
[PlyCount "81"]

1. e4 c5 2. Nc3 Nc6 3. f4 g6 4. Nf3 Bg7 5. Bb5 Nd4 6. O-O Nxb5 7. Nxb5 d5 8. e5
a6 9. Nc3 d4 10. Ne4 Qd5 11. d3 Nh6 12. Qe1 O-O 13. a4 b6 14. a5 b5 15. b4 cxb4
16. Qxb4 Nf5 17. Bb2 Rd8 18. Rf2 h5 19. Ng3 Bf8 20. Nxf5 Bxf5 21. Bxd4 Bg4 22.
Bb6 e6 23. Qe1 Bxf3 24. Bxd8 Bxg2 25. Bb6 Bh3 26. c4 bxc4 27. dxc4 Qc6 28. Qe3
Bf5 29. Rc1 Rc8 30. Rd2 Kg7 31. Rd4 Bc5 32. Bxc5 Qxc5 33. Kf2 Rb8 34. Rd2 Qxa5
35. c5 Rb3 36. Qd4 Rb4 37. Qd8 Rxf4+ 38. Kg1 Rg4+ 39. Kf2 Rf4+ 40. Kg1 Rg4+ 41.
Kf2 1/2-1/2

[Event "Wijk aan Zee II"]
[Site "Wijk aan Zee II"]
[Date "1998.??.??"]
[Round "3"]
[White "Van den Doel, Erik"]
[Black "Shaked, Tal"]
[Result "0-1"]
[WhiteElo "2565"]
[BlackElo "2535"]
[PlyCount "138"]

1. Nf3 c5 2. e4 e6 3. d4 cxd4 4. Nxd4 a6 5. Bd3 Qc7 6. O-O Nf6 7. Qe2 d6 8. c4
g6 9. Nc3 Bg7 10. Rd1 O-O 11. Nf3 Nc6 12. h3 Nd7 13. Be3 b6 14. Rac1 Nc5 15.
Bb1 Bb7 16. Qd2 Rad8 17. Nh2 Qe7 18. Ne2 a5 19. b3 Nb4 20. Nc3 d5 21. exd5 exd5
22. Nxd5 Nxd5 23. cxd5 Rxd5 24. Qe1 Rfd8 25. Rxd5 Rxd5 26. Rd1 Bc3 27. Qf1 Ba6
28. Rxd5 Bxf1 29. Kxf1 f5 30. Nf3 Bf6 31. Bxc5 bxc5 32. Bd3 Kg7 33. a4 Qe6 34.
Bc4 Qe4 35. Rd7+ Kh6 36. Kg1 Qe8 37. Rf7 Bd4 38. g4 fxg4 39. hxg4 g5 40. Kg2
Qe4 41. Kg3 Kg6 42. Rf5 h6 43. Kh3 Bf6 44. Bd5 Qc2 45. Be6 Qd1 46. Kg2 Qe2 47.
Bc4 Qe4 48. Kg3 Kg7 49. Bd5 Qc2 50. Ne1 Qe2 51. Ng2 h5 52. gxh5 Be5+ 53. f4
Qd3+ 54. Kg4 Qxd5 55. Rxg5+ Kh7 56. Ne3 Qd7+ 57. Nf5 Bf6 58. Rg6 Qd1+ 59. Kg3
Qxb3+ 60. Kg4 Qd1+ 61. Kg3 Qd3+ 62. Kg4 Qe2+ 63. Kg3 Bc3 64. Rh6+ Kg8 65. Rg6+
Kf8 66. Kh4 c4 67. Ra6 Qh2+ 68. Kg5 Qg2+ 69. Kh6 Qg4 0-1

[Event "Wijk aan Zee II"]
[Site "Wijk aan Zee II"]
[Date "1998.??.??"]
[Round "3"]
[White "Van der Wiel, John"]
[Black "Kuijf, Marinus"]
[Result "1/2-1/2"]
[WhiteElo "2525"]
[BlackElo "2460"]
[PlyCount "41"]

1. e4 e6 2. d4 d5 3. e5 c5 4. c3 Nc6 5. Nf3 Qb6 6. a3 c4 7. Nbd2 Na5 8. g3 f5
9. exf6 Nxf6 10. Bh3 Bd6 11. O-O O-O 12. Re1 Bc7 13. Ne5 Bxe5 14. dxe5 Nd7 15.
Nf3 Nb3 16. Be3 Ndc5 17. Rb1 Qc7 18. Bxc5 Qxc5 19. Re3 Bd7 20. Nd2 Nxd2 21.
Qxd2 1/2-1/2

[Event "Wijk aan Zee II"]
[Site "Wijk aan Zee II"]
[Date "1998.??.??"]
[Round "3"]
[White "Xie, Jun"]
[Black "Blees, Albert"]
[Result "1-0"]
[WhiteElo "2485"]
[BlackElo "2445"]
[PlyCount "57"]

1. e4 c5 2. Nf3 e6 3. d4 cxd4 4. Nxd4 a6 5. Bd3 Qc7 6. O-O Nf6 7. Kh1 Bc5 8.
Nb3 Be7 9. Nc3 b5 10. f4 h5 11. e5 Ng4 12. Ne4 Bb7 13. Bd2 Nc6 14. Qe1 g5 15.
Na5 Nxa5 16. Bxa5 Qc6 17. fxg5 Qd5 18. Bc7 Nxe5 19. Qc3 Ng6 20. Rf2 e5 21. Bd6
Qc6 22. Bxe5 Qxc3 23. Bxc3 O-O 24. Nf6+ Bxf6 25. Rxf6 Rac8 26. Bxg6 fxg6 27.
Rxg6+ Kf7 28. Rg7+ Ke6 29. Re1+ 1-0

[Event "Wijk aan Zee II"]
[Site "Wijk aan Zee II"]
[Date "1998.??.??"]
[Round "4"]
[White "Bosboom, Manuel"]
[Black "Van den Doel, Erik"]
[Result "0-1"]
[WhiteElo "2450"]
[BlackElo "2485"]
[PlyCount "74"]

1. d4 Nf6 2. c4 g6 3. Nc3 Bg7 4. Bg5 d6 5. e3 O-O 6. Be2 c5 7. Nf3 h6 8. Bh4
Bf5 9. O-O Ne4 10. Nxe4 Bxe4 11. dxc5 g5 12. Bxg5 hxg5 13. Nxg5 Bf5 14. Bd3 e6
15. f4 Nd7 16. cxd6 Qb6 17. Bxf5 Qxe3+ 18. Kh1 exf5 19. Qc2 Qc5 20. Rad1 Rac8
21. b4 Qxc4 22. Qxf5 Nf6 23. d7 Rcd8 24. Rfe1 Qxb4 25. Re3 Qa4 26. Red3 Qc2 27.
Qh3 Qe2 28. Rd6 Qg4 29. Qe3 Rxd7 30. Rxd7 Nxd7 31. Rd6 Nf6 32. h3 Qf5 33. Rd4
Re8 34. Qf3 Nh7 35. Rd5 Nxg5 36. fxg5 Re1+ 37. Kh2 Be5+ 0-1

[Event "Wijk aan Zee II"]
[Site "Wijk aan Zee II"]
[Date "1998.??.??"]
[Round "4"]
[White "Kobalia, Mikhail"]
[Black "Cherniaev, Alexander"]
[Result "1/2-1/2"]
[WhiteElo "2500"]
[BlackElo "2515"]
[PlyCount "108"]

1. c4 g6 2. Nc3 Bg7 3. g3 e5 4. Bg2 d6 5. e3 Nf6 6. Nge2 O-O 7. O-O c6 8. d4
Re8 9. Qc2 a5 10. a3 Na6 11. Rd1 Qc7 12. Bd2 Bd7 13. Rac1 Rab8 14. Qb1 Bf5 15.
e4 Bg4 16. dxe5 dxe5 17. h3 Bxe2 18. Nxe2 a4 19. Be3 Nd7 20. Rd2 Ndc5 21. Rcd1
Re7 22. h4 Nb3 23. Rd6 Nac5 24. Bh3 Ree8 25. Qc2 Nd4 26. Nxd4 exd4 27. Bf4 Qb6
28. e5 Bxe5 29. Bxe5 Rxe5 30. R6xd4 Rbe8 31. Qc3 Re2 32. R4d2 Re1+ 33. Kg2 R1e5
34. Qb4 Qa7 35. Rd8 Ne4 36. Qe1 Qb6 37. Rxe8+ Rxe8 38. Qe2 Kf8 39. Qf3 Nc5 40.
Qc3 Kg8 41. Qd4 h5 42. Kg1 Qb3 43. Rd2 Qb6 44. Rd1 Qa5 45. Kg2 Ne4 46. Qd7 Qe5
47. Re1 Re7 48. Qd8+ Kg7 49. Re2 f5 50. Kg1 Kf7 51. Bg2 Qd6 52. Qh8 Nf6 53.
Rxe7+ Qxe7 54. Bf3 Qe5 1/2-1/2

[Event "Wijk aan Zee II"]
[Site "Wijk aan Zee II"]
[Date "1998.??.??"]
[Round "4"]
[White "Kuijf, Marinus"]
[Black "Reinderman, Dimitri"]
[Result "0-1"]
[WhiteElo "2460"]
[BlackElo "2480"]
[PlyCount "58"]

1. e4 d5 2. Nc3 dxe4 3. Nxe4 Nd7 4. Bc4 Ndf6 5. Ng5 e6 6. N1f3 h6 7. Nxf7 Kxf7
8. Ne5+ Ke8 9. d4 Ne7 10. c3 Nf5 11. Qb3 Nd5 12. Qd1 Rg8 13. O-O Bd6 14. Re1
Bxe5 15. Rxe5 c6 16. Bd3 Kf7 17. Bd2 Rf8 18. Qh5+ Kg8 19. Rf1 Bd7 20. Qh3 Qf6
21. g4 Nh4 22. f4 Ng6 23. g5 Ngxf4 24. Qh4 hxg5 25. Qh7+ Kf7 26. c4 Rh8 27. Qe4
Qh6 28. Rf2 Nf6 29. Qf3 Nh3+ 0-1

[Event "Wijk aan Zee II"]
[Site "Wijk aan Zee II"]
[Date "1998.??.??"]
[Round "4"]
[White "Shaked, Tal"]
[Black "Van der Wiel, John"]
[Result "1/2-1/2"]
[WhiteElo "2535"]
[BlackElo "2525"]
[PlyCount "31"]

1. e4 c5 2. c3 d5 3. exd5 Qxd5 4. d4 Nf6 5. Nf3 Bg4 6. dxc5 Qxc5 7. Na3 Nbd7 8.
h3 Bh5 9. Be3 Qc8 10. Be2 e6 11. Nb5 Nd5 12. Bd4 Qb8 13. Ne5 Nxe5 14. Bxh5 Be7
15. Qe2 Bf6 16. Bxe5 1/2-1/2

[Event "Wijk aan Zee II"]
[Site "Wijk aan Zee II"]
[Date "1998.??.??"]
[Round "5"]
[White "Cherniaev, Alexander"]
[Black "Blees, Albert"]
[Result "1/2-1/2"]
[WhiteElo "2465"]
[BlackElo "2445"]
[PlyCount "82"]

1. e4 e6 2. d4 d5 3. e5 c5 4. c3 Nc6 5. Nf3 Nge7 6. Na3 cxd4 7. cxd4 Nf5 8. Nc2
Nb4 9. Be2 Nxc2+ 10. Qxc2 Qa5+ 11. Bd2 Bb4 12. Bxb4 Qxb4+ 13. Qd2 Qxd2+ 14.
Kxd2 Bd7 15. Rac1 Ne7 16. Ke3 f6 17. exf6 gxf6 18. Nh4 Nc8 19. f4 Nd6 20. Bd3
Ke7 21. Rhe1 Rac8 22. g4 Nc4+ 23. Bxc4 dxc4 24. f5 Kd6 25. Kf4 b5 26. fxe6 Bxe6
27. d5 Bd7 28. Nf5+ Bxf5 29. gxf5 Kxd5 30. Re6 Rc6 31. Rd1+ Kc5 32. b4+ Kb6 33.
Rdd6 Rhc8 34. Rxf6 Rxd6 35. Rxd6+ Rc6 36. Rd2 Kc7 37. Ke5 c3 38. Rc2 Kd7 39.
Kd4 Rc4+ 40. Kd3 Rxb4 41. Kxc3 Rf4 1/2-1/2

[Event "Wijk aan Zee II"]
[Site "Wijk aan Zee II"]
[Date "1998.??.??"]
[Round "5"]
[White "Kasimdzhanov, Rustam"]
[Black "Alterman, Boris"]
[Result "1-0"]
[WhiteElo "2565"]
[BlackElo "2615"]
[PlyCount "103"]

1. Nf3 Nf6 2. c4 e6 3. Nc3 Bb4 4. Qc2 O-O 5. a3 Bxc3 6. Qxc3 b6 7. b4 d6 8. g3
Bb7 9. Bg2 Nbd7 10. O-O c5 11. Bb2 e5 12. d3 Qc7 13. e4 cxb4 14. axb4 a5 15.
bxa5 bxa5 16. Nh4 Nc5 17. f4 Nfd7 18. Nf5 Rfe8 19. Kh1 f6 20. Ba3 Nf8 21. Rab1
Nfe6 22. fxe5 dxe5 23. Ne3 Bc6 24. Nd5 Qa7 25. h4 Rab8 26. Bh3 Nd4 27. Bg4 a4
28. Rb4 Rxb4 29. Bxb4 Nce6 30. Bd6 Nd8 31. Nc7 Nf7 32. Nxe8 Bxe8 33. Ba3 Nc6
34. Kg2 Bd7 35. Bc5 Qc7 36. Bxd7 Qxd7 37. Ra1 g5 38. h5 Qg4 39. Qe1 Qxh5 40.
Rxa4 g4 41. Qh1 Qg5 42. Ra2 h5 43. Rf2 Qh6 44. Qf1 Kg7 45. Bf8+ Kxf8 46. Rxf6
Qd2+ 47. Rf2 Qe3 48. Rxf7+ Ke8 49. Rf8+ Kd7 50. Qf5+ Kc7 51. Qf7+ Kb6 52. Qf2
1-0

[Event "Wijk aan Zee II"]
[Site "Wijk aan Zee II"]
[Date "1998.??.??"]
[Round "5"]
[White "Reinderman, Dimitri"]
[Black "Shaked, Tal"]
[Result "1-0"]
[WhiteElo "2455"]
[BlackElo "2535"]
[PlyCount "71"]

1. e4 c5 2. Ne2 e6 3. Nbc3 a6 4. g3 b5 5. Bg2 Bb7 6. O-O Qc7 7. a3 Nf6 8. d3
Be7 9. h3 d6 10. g4 Nc6 11. f4 h6 12. Be3 Nd7 13. Qe1 g5 14. Qf2 gxf4 15. Nxf4
Nde5 16. Nce2 Bg5 17. c3 Qe7 18. b3 Ng6 19. Nh5 Bxe3 20. Qxe3 Qg5 21. Nf6+ Kd8
22. Qg3 Ke7 23. d4 cxd4 24. cxd4 Rac8 25. Qf2 Nd8 26. Ng3 Rc3 27. Ngh5 Nc6 28.
Nd5+ exd5 29. Qxf7+ Kd8 30. Qxb7 Qe7 31. Qxa6 dxe4 32. Rf6 Nh4 33. Qa8+ Kc7 34.
Qxh8 Nxd4 35. Raf1 Ne2+ 36. Kh1 1-0

[Event "Wijk aan Zee II"]
[Site "Wijk aan Zee II"]
[Date "1998.??.??"]
[Round "5"]
[White "Van den Doel, Erik"]
[Black "Kobalia, Mikhail"]
[Result "1-0"]
[WhiteElo "2485"]
[BlackElo "2500"]
[PlyCount "193"]

1. e4 g6 2. d4 Bg7 3. Nf3 c6 4. h3 d6 5. Bd3 Nd7 6. O-O Ngf6 7. a4 O-O 8. c3 e5
9. dxe5 dxe5 10. Be3 Nh5 11. a5 Qe7 12. b4 Nf4 13. Bc4 Rd8 14. Qc1 Qf6 15. g3
Nxh3+ 16. Kg2 h6 17. Bxh6 Nf8 18. Rh1 Nh7 19. Be3 g5 20. Ra2 g4 21. Nh4 N7g5
22. Nd2 Bh6 23. Qf1 Nh7 24. Bxh6 Qxh6 25. Qe2 Nf6 26. Nf5 Qg5 27. Ne7+ Kg7 28.
a6 Nh5 29. axb7 Bxb7 30. Nf5+ Kf6 31. Kf1 Bc8 32. Ne3 Kg7 33. Ra5 Rd6 34. Ke1
Rf6 35. Rf1 Bd7 36. Bb3 Rd8 37. Rxa7 Bc8 38. Ra8 Nxf2 39. Rxf2 Nxg3 40. Rxf6
Nxe2 41. Rxf7+ Kg6 42. Kxe2 Qh5 43. Rxc8 Rxc8 44. Rf5 Qh2+ 45. Rf2 g3 46. Rg2
Rf8 47. Nf3 Qh3 48. Nxe5+ Kg5 49. Nf3+ Kf4 50. Rg1 Qh5 51. Rf1 Kxe4 52. Bc2+
Kf4 53. Bg6 Qh8 54. Nd4+ Kg5 55. Ne6+ Kxg6 56. Nxf8+ Kg7 57. Ne6+ Kg6 58. Nf4+
Kg5 59. Rf3 g2 60. Nfxg2 Qh5 61. Nf1 Kh6 62. Ng3 Qb5+ 63. Rd3 c5 64. bxc5 Qxc5
65. Ne3 Kg6 66. c4 Kf7 67. Rd5 Qb4 68. Ne4 Qb2+ 69. Rd2 Qe5 70. Kd3 Ke7 71. c5
Kd7 72. Kc4+ Kc6 73. Rd6+ Kb7 74. Kd3 Kc8 75. Nc4 Qa1 76. Nb6+ Kc7 77. Nd5+ Kc8
78. Nec3 Qf1+ 79. Kd4 Qf8 80. Kc4 Kb8 81. Kb5 Qf2 82. Kc6 Qh4 83. Nb5 Qh8 84.
Kb6 Qc8 85. c6 Qb7+ 86. Kc5 Qc8 87. Rd7 Qf8+ 88. Kd4 Qf2+ 89. Ke5 Qe2+ 90. Kd6
Qh2+ 91. Kc5 Qc2+ 92. Nbc3 Qf2+ 93. Kc4 Qh4+ 94. Kb5 Qg5 95. Rb7+ Kc8 96. Ka6
Qg3 97. Nb5 1-0

[Event "Wijk aan Zee II"]
[Site "Wijk aan Zee II"]
[Date "1998.??.??"]
[Round "5"]
[White "Van der Wiel, John"]
[Black "Bosboom, Manuel"]
[Result "1-0"]
[WhiteElo "2525"]
[BlackElo "2450"]
[PlyCount "74"]

1. e4 c5 2. Nf3 d6 3. d4 cxd4 4. Nxd4 Nf6 5. Nc3 a6 6. Be2 e6 7. O-O Be7 8. f4
Qc7 9. a4 Nc6 10. Be3 O-O 11. Kh1 Re8 12. Bf3 Na5 13. Bg1 Bf8 14. Nde2 Nc6 15.
Qd2 Rb8 16. Nd4 Bd7 17. Rfe1 h6 18. h3 e5 19. Nde2 Rbc8 20. Bf2 Nb4 21. a5 d5
22. fxe5 dxe4 23. Nxe4 Nxe4 24. Bxe4 Bc6 25. Nd4 Bxe4 26. Rxe4 Rcd8 27. Qe2 Rd5
28. c3 Nc6 29. e6 f5 30. Qh5 Nxd4 31. Qxe8 fxe4 32. Bxd4 Rf5 33. Qg6 Rf4 34.
Re1 Bd6 35. b4 Be5 36. Bc5 Qc6 37. Rd1 Bc7 1-0

[Event "Wijk aan Zee II"]
[Site "Wijk aan Zee II"]
[Date "1998.??.??"]
[Round "5"]
[White "Xie, Jun"]
[Black "Kuijf, Marinus"]
[Result "1/2-1/2"]
[WhiteElo "2485"]
[BlackElo "2460"]
[PlyCount "44"]

1. e4 e6 2. d4 d5 3. Nd2 Nf6 4. e5 Nfd7 5. Bd3 c5 6. c3 Nc6 7. Ne2 Qb6 8. Nf3
cxd4 9. cxd4 f6 10. exf6 Nxf6 11. O-O Bd6 12. Nc3 Bd7 13. a3 Nxd4 14. Nxd4 Qxd4
15. Nb5 Qe5 16. g3 Bxb5 17. Bxb5+ Kf7 18. Re1 Qf5 19. Bd3 Qh3 20. Bf1 Qf5 21.
Bd3 Qh3 22. Bf1 Qf5 1/2-1/2

[Event "Wijk aan Zee II"]
[Site "Wijk aan Zee II"]
[Date "1998.??.??"]
[Round "6"]
[White "Alterman, Boris"]
[Black "Cherniaev, Alexander"]
[Result "1-0"]
[WhiteElo "2615"]
[BlackElo "2465"]
[PlyCount "69"]

1. c4 e5 2. Nc3 d6 3. g3 g6 4. Bg2 Bg7 5. b4 c6 6. d3 Ne7 7. e4 Be6 8. Nge2 O-O
9. O-O Nd7 10. Rb1 a6 11. a4 a5 12. b5 Nf6 13. h3 Qd7 14. Kh2 d5 15. bxc6 bxc6
16. exd5 cxd5 17. Ba3 Rfd8 18. Rb5 Ra7 19. Bxe7 Qxe7 20. cxd5 Bf5 21. Qd2 h5
22. Ne4 Kh7 23. Rfb1 Bh6 24. Qa2 Bxe4 25. dxe4 h4 26. Qb3 Ne8 27. Qc3 hxg3+ 28.
fxg3 Rda8 29. Rb6 Nd6 30. Rc6 Ra6 31. Qc5 Bd2 32. Rc7 Qe8 33. Nc3 Bxc3 34. Qxc3
Rc8 35. Rxc8 1-0

[Event "Wijk aan Zee II"]
[Site "Wijk aan Zee II"]
[Date "1998.??.??"]
[Round "6"]
[White "Bosboom, Manuel"]
[Black "Reinderman, Dimitri"]
[Result "1/2-1/2"]
[WhiteElo "2450"]
[BlackElo "2455"]
[PlyCount "52"]

1. d4 g6 2. e4 Bg7 3. Nf3 d6 4. Bc4 Nf6 5. Qe2 O-O 6. O-O c6 7. Bb3 Bg4 8. Nbd2
e5 9. dxe5 dxe5 10. Nc4 Qe7 11. h3 Bxf3 12. Qxf3 Na6 13. Bg5 Nc5 14. Ne3 h6 15.
Bh4 Rae8 16. Rfe1 Ne6 17. Bxe6 Qxe6 18. Red1 Nh7 19. Qe2 Bf6 20. Bg3 Rd8 21.
Qc4 Qe7 22. c3 h5 23. a3 Bg5 24. Qe2 Bf4 25. Bxf4 exf4 26. Nc4 Ng5 1/2-1/2

[Event "Wijk aan Zee II"]
[Site "Wijk aan Zee II"]
[Date "1998.??.??"]
[Round "6"]
[White "Kuijf, Marinus"]
[Black "Kasimdzhanov, Rustam"]
[Result "0-1"]
[WhiteElo "2460"]
[BlackElo "2565"]
[PlyCount "79"]

1. e4 g6 2. d4 Bg7 3. Nc3 c6 4. Bc4 d6 5. Nf3 Nf6 6. O-O b5 7. Bb3 b4 8. e5
bxc3 9. exf6 Bxf6 10. bxc3 O-O 11. Bh6 Bg7 12. Qd2 Nd7 13. Rfe1 Nf6 14. Bxg7
Kxg7 15. Qe3 Re8 16. Ng5 e6 17. c4 Ba6 18. c5 d5 19. Qf4 Qb8 20. Qh4 h6 21. Nf3
Nd7 22. Ba4 Qc7 23. Ne5 Nxe5 24. dxe5 Rab8 25. Qf6+ Kg8 26. Qf4 h5 27. Re3 Qa5
28. Bxc6 Rf8 29. Rg3 Qxc5 30. Ba4 Rb4 31. Qf6 Rg4 32. Rxg4 hxg4 33. Qf4 Rb8 34.
Bb3 Rb4 35. Qg5 Re4 36. Qd8+ Qf8 37. Qa5 Qc8 38. Qd2 Qc7 39. Rb1 Qxe5 40. Qa5
0-1

[Event "Wijk aan Zee II"]
[Site "Wijk aan Zee II"]
[Date "1998.??.??"]
[Round "6"]
[White "Shaked, Tal"]
[Black "Xie, Jun"]
[Result "1/2-1/2"]
[WhiteElo "2535"]
[BlackElo "2485"]
[PlyCount "62"]

1. d4 Nf6 2. c4 g6 3. Nc3 Bg7 4. e4 d6 5. f4 O-O 6. Nf3 c5 7. dxc5 Qa5 8. Bd3
Qxc5 9. Qe2 Nc6 10. Be3 Qa5 11. Rc1 Bg4 12. O-O Nd7 13. Qf2 Bxf3 14. gxf3 Rfc8
15. Rfd1 Nc5 16. Bb1 Na4 17. Nxa4 Qxa4 18. b3 Qa5 19. c5 dxc5 20. Rxc5 Rd8 21.
Rxd8+ Qxd8 22. Rd5 Qc7 23. f5 e6 24. Rd2 Re8 25. fxe6 fxe6 26. f4 Rf8 27. Qg3
Bd4 28. Rf2 Qa5 29. Bxd4 Nxd4 30. Bd3 Qc5 31. Kg2 a5 1/2-1/2

[Event "Wijk aan Zee II"]
[Site "Wijk aan Zee II"]
[Date "1998.??.??"]
[Round "6"]
[White "Van den Doel, Erik"]
[Black "Van der Wiel, John"]
[Result "1-0"]
[WhiteElo "2485"]
[BlackElo "2525"]
[PlyCount "59"]

1. e4 c5 2. Nf3 d6 3. d4 cxd4 4. Nxd4 Nf6 5. Nc3 g6 6. Be3 Bg7 7. f3 Nc6 8. Qd2
O-O 9. O-O-O d5 10. Qe1 e5 11. Nxc6 bxc6 12. exd5 Nxd5 13. Bc4 Be6 14. Ne4 Qc7
15. Bc5 Rfd8 16. g4 Nf4 17. Bxe6 Nxe6 18. Bd6 Qb6 19. Qc3 Nd4 20. Kb1 Rd7 21.
Rd3 Qd8 22. Qc5 Rc8 23. Rhd1 Ne6 24. Qc3 Nf4 25. Bxe5 Nxd3 26. Bxg7 Nc5 27.
Rxd7 Nxd7 28. Bh6 f6 29. Qc4+ Kh8 30. Qf7 1-0

[Event "Wijk aan Zee II"]
[Site "Wijk aan Zee II"]
[Date "1998.??.??"]
[Round "7"]
[White "Blees, Albert"]
[Black "Alterman, Boris"]
[Result "1-0"]
[WhiteElo "2445"]
[BlackElo "2615"]
[PlyCount "121"]

1. e4 e5 2. Nf3 Nf6 3. Nc3 Nc6 4. Be2 Bb4 5. Nd5 Ba5 6. O-O O-O 7. d4 Nxd5 8.
exd5 Nxd4 9. Nxd4 exd4 10. Qxd4 Bb6 11. Qf4 d6 12. Re1 Bd7 13. Bd2 Qf6 14. Qxf6
gxf6 15. Bc3 f5 16. a4 a6 17. a5 Ba7 18. Bf6 Rfe8 19. Bd3 h6 20. h4 Kf8 21. c3
Rac8 22. h5 f4 23. Kf1 c6 24. Rxe8+ Rxe8 25. Ra4 f3 26. gxf3 cxd5 27. Rb4 Bh3+
28. Kg1 Bc8 29. Kg2 Bc5 30. Rf4 Re1 31. b4 Ba7 32. Bf5 Be6 33. Bh4 Bxf5 34.
Rxf5 d4 35. c4 Re6 36. Rd5 f6 37. f4 Ke7 38. Bg3 d3 39. f5 Re4 40. Bxd6+ Ke8
41. c5 Rxb4 42. Rxd3 Rb5 43. Re3+ Kd8 44. Be7+ Kd7 45. Bxf6 Bxc5 46. Rd3+ Ke8
47. f4 Rxa5 48. Rd8+ Kf7 49. Be5 Rb5 50. Rd7+ Ke8 51. Rc7 a5 52. Kf3 a4 53. f6
Bf8 54. Ke4 a3 55. Kf5 Rb1 56. Bd4 Kd8 57. Rc2 b5 58. f7 b4 59. Bc5 Bg7 60. Kg6
b3 61. Kxg7 1-0